000 00344nam a2200133Ia 4500
005 20260328104341.0
008 260328s9999||||xx |||||||||||||| ||und||
100 _aTillett Wright, iO
245 0 _aOasis Modern desert Homes Around the World /
_ciO Tillett Wright
260 _bPotter
300 _a288 p.
650 _aCABAÑAS
942 _cBK
999 _c12100
_d12100